| 000 | 00778nam a2200229Ii 4500 | ||
|---|---|---|---|
| 003 | JO-AjNU | ||
| 008 | 230605s9999||||xx |||||||||||||| ||und|| | ||
| 017 | _a2008/5/1509 | ||
| 020 | _a978-9957-33-051-4 | ||
| 040 |
_aJO-AjNU _bara _erda _cJO-AjNU |
||
| 041 | _aara | ||
| 050 | 1 | 4 | _aHG4026.Z822 2008 |
| 100 | 3 |
_aالزبيدي، حمزة محمود, _eauthor _927947 |
|
| 245 | 0 | 0 | _aالادارة المالية المتقدمة |
| 250 | _aط2 | ||
| 264 | 3 | 1 | _aعمان: مؤسسة الوراق للنشر والتوزيع، 2008 |
| 300 |
_a669ص _bيحتوي على ببلوغرافية من 663-669ص |
||
| 336 |
_atext _btxt _2rdacontent |
||
| 337 |
_aunmediated _bn _2rdamedia |
||
| 338 |
_avolume _bnc _2rdacarrier |
||
| 650 | 4 |
_aالادارة المالية _927948 |
|
| 999 |
_aA10780 _c14348 _d14348 |
||